00647nam a2200229 a 4500001001300000003000900013005001700022008004100039020001000080082001300090100002200103245002000125260003200145300000900177500003500186505003000221700002200251902000800273942000700281952011200288999001700400nice12345678IN_TiNIC20260116015234.0050524s1981 kena grp 000 0 eng  ac8.500a248bMAT aMathews, R Arthur aBorn for Battle aKent (U.K)bOMF Booksc1981 a182p aincludes index and biblioraphy2 aSubject Index, Name Index1 aMathews, R Arthur bSRS cBK 001040708StackRoom-aHMIbHMId2005-05-24g8.50l0o248 MATp11001317r2005-05-24v8.50w2005-05-24yBK c18868d18868